Histoire de Thúy Kiều = Truyện Thúy Kiều
Spremljeno u:
| Glavni autor: | |
|---|---|
| Format: | Knjiga |
| Jezik: | Undetermined |
| Izdano: |
Hà Nội
Văn học
2003
|
| Teme: | |
| Oznake: |
Dodaj oznaku
Bez oznaka, Budi prvi tko označuje ovaj zapis!
|
| Thư viện lưu trữ: | Trung tâm Học liệu Trường Đại học Cần Thơ |
|---|
| LEADER | 00575nam a2200217Ia 4500 | ||
|---|---|---|---|
| 001 | CTU_94473 | ||
| 008 | 210402s9999 xx 000 0 und d | ||
| 020 | |c 60000 | ||
| 082 | |a 895.92211 | ||
| 082 | |b L566 | ||
| 100 | |a Lưu Hoài | ||
| 245 | 0 | |a Histoire de Thúy Kiều = | |
| 245 | 0 | |b Truyện Thúy Kiều | |
| 245 | 0 | |c Lưu Hoài | |
| 260 | |a Hà Nội | ||
| 260 | |b Văn học | ||
| 260 | |c 2003 | ||
| 650 | |a Kieu story,Vietnamese poetry | ||
| 650 | |x 18th century | ||
| 904 | |i Trúc | ||
| 980 | |a Trung tâm Học liệu Trường Đại học Cần Thơ | ||